রূপার পালঙ্ক /

Xehetasun bibliografikoak
Egile nagusia: আহমেদ, হুমায়ূন, ১৯৪৮-২০১২ (Egilea)
Formatua: Liburua
Hizkuntza:Bengali
Argitaratua: ঢাকা : অন্যপ্রকাশ, ২০০৩.
Gaiak:
Classic Catalogue: View this record in Classic Catalogue
LEADER 01317nam a22002897a 4500
001 44480
003 BD-DhAAL
005 20250828101344.0
008 250722t2003 bg 0|0f ben d
020 |a 9848160647 
020 |a 9789848160640 
040 |a BD-DhAAL  |c BD-DhAAL 
041 |a ben 
082 |a 891.44372  |2 23 
100 |a আহমেদ, হুমায়ূন,  |d ১৯৪৮-২০১২,  |e author. 
245 |a রূপার পালঙ্ক /  |c হুমায়ূন আহমেদ. 
246 |a Rupar palanka 
260 |a ঢাকা :  |b অন্যপ্রকাশ,  |c ২০০৩. 
300 |a ৮৭ পৃষ্ঠা ;  |c ২২ সে.মি. 
500 |a দ্বাদশ প্রকাশ. 
541 |a Donated by Farhana Zahir, Assistant Professor, BRAC Business School  |e 44480 
650 |a Bengali fiction. 
650 |a Bengali literature. 
852 |a Ayesha Abed Library  |c General Stacks 
942 |2 ddc  |c BK 
999 |c 47339  |d 47339 
952 |0 0  |1 0  |2 ddc  |4 0  |6 891_443720000000000_AHM  |7 0  |9 77886  |a BRACUL  |b BRACUL  |c GEN  |d 2025-07-22  |e Donated by Farhana Zahir, Assistant Professor, BRAC Business School  |g 60.00  |l 5  |m 33  |o 891.44372 AHM  |p 3010044480  |q 2026-06-02  |r 2026-04-21  |s 2026-04-21  |t 1  |v 120.00  |w 2025-07-22  |y BK  |x Donated by Farhana Zahir, Assistant Professor, BRAC Business School